000 00205 a2200097 4500
001 1738
100 _aBinns, H.
245 _aExamples in engineering drawing
260 _a
_bE.U.P.
_c
090 _c1274
_d1274
942 _aNUST-CAE
_cM
_c3047
999 _c236811
_d236811